[Event "Players CUP 2008 <1600 DIVISION 2"]
[Site "SchemingMind.com"]
[Date "2008.07.07"]
[Round "-"]
[White "scottie"]
[Black "Artur"]
[Result "0-1"]
[WhiteCountry "ENG"]
[BlackCountry "POL"]
[WhiteElo "1469"]
[WhiteRD "75"]
[BlackElo "1734"]
[BlackRD "123"]
[GameID "162377"]

1. e4 e5 2. Nf3 Nf6 3. Nxe5 d6 4. Nd3 Nxe4 5. Qf3 Ng5 6. Qe3+ Qe7 7. Qxe7+ Bxe7 8. Be2 Nc6 9. Nc3 Nd4 10. Nf4 Nxc2+
11. Kd1 Nxa1 12. b3 Bf5 13. Bb2 Nc2 14. Nfd5 Ne6 15. Nxe7 Kxe7 16. d3 Ncd4 17. Re1 Rhe8 18. Na4 Nxe2 19. Kxe2 Kf8 20. Kf1 Bxd3+
21. Kg1 Nc5 22. Rxe8+ Rxe8 23. g3 Nxa4 24. bxa4 Re2
0-1

[Event "Players CUP 2008 <1600 DIVISION 2"]
[Site "SchemingMind.com"]
[Date "2008.07.07"]
[Round "-"]
[White "ingbeti"]
[Black "Artur"]
[Result "0-1"]
[WhiteCountry "MEX"]
[BlackCountry "POL"]
[WhiteElo "1578"]
[WhiteRD "77"]
[BlackElo "1734"]
[BlackRD "123"]
[GameID "162379"]

1. e4 e5 2. Nf3 Nf6 3. d4 exd4 4. e5 Ne4 5. Qxd4 d5 6. exd6 Nxd6 7. Nc3 Nc6 8. Bb5 Qe7+ 9. Qe3 Bd7 10. Bxc6 Qxe3+
11. Bxe3 Bxc6 12. O-O-O Bxf3 13. gxf3 O-O-O 14. Rhe1 h6 15. Bf4 a6 16. Ne4 Nf5 17. Rxd8+ Kxd8 18. Rd1+ Kc8 19. Be5 Bb4 20. Bc3 Bxc3
21. Nxc3 Nd6 22. Rd4 Re8 23. Kd2 f5 24. Nd5 g5 25. h3 f4 26. Nf6 Re6 27. Nd5 Nf5 28. Re4 Rd6 29. c4 c6
0-1

[Event "Players CUP 2008 <1600 DIVISION 2"]
[Site "SchemingMind.com"]
[Date "2008.07.06"]
[Round "-"]
[White "palomo"]
[Black "Artur"]
[Result "0-1"]
[WhiteCountry "ARG"]
[BlackCountry "POL"]
[WhiteElo "1509"]
[WhiteRD "105"]
[BlackElo "1843"]
[BlackRD "99"]
[GameID "162380"]

1. e4 e5 2. Nf3 Nf6 3. Nxe5 d6 4. Nf3 Nxe4 5. d4 d5 6. Bd3 Bd6 7. O-O O-O 8. c4 c6 9. h3 Bf5 10. Nc3 Nxc3
11. bxc3 Bxd3 12. Qxd3 dxc4 13. Qxc4 b5 14. Qd3 Nd7 15. a3 h6 16. Ra2= Nb6 17. Nh4 Qxh4 18. Qf3 Nd5 19. Re2 Qd8 20. Bd2 Qf6
21. Qxf6 Nxf6 22. Bc1 Nd5 23. Bb2 Nf4 24. Re3 Rfe8 25. Rxe8+ Rxe8 26. Kh1 Nd3 27. Bc1 Nxc1 28. Rxc1 Bxa3 29. Ra1 Bd6 30. g3 Ra8
31. Ra6 b4 32. cxb4 Bxb4 33. Rxc6 a5 34. d5 Rd8 35. Kg2 Rxd5 36. Rc8+ Kh7 37. h4 a4 38. Rc4 Rb5 39. Rc7 f6 40. Kf3 a3
41. Rc2 Rc5 42. Ra2 Rc3+ 43. Ke2 Rb3 44. Kd1 Rb2 45. Rxb2 axb2 46. Kc2 Bc3 47. f3 g5 48. hxg5 hxg5 49. f4 gxf4
0-1

[Event "Players CUP 2008 <1600 DIVISION 2"]
[Site "SchemingMind.com"]
[Date "2008.07.09"]
[Round "-"]
[White "cdhardy22"]
[Black "jtrochez1"]
[Result "0-1"]
[WhiteCountry "USA"]
[BlackCountry "HON"]
[WhiteElo "1393"]
[WhiteRD "95"]
[BlackElo "1525"]
[BlackRD "60"]
[GameID "162725"]

1. e4 e5 2. d4 exd4 3. Qxd4 Nc6 4. Qa4 d6 5. f4 Bd7 6. f5 Qc8 7. Bd3 Ne5 8. Qd4 Nf6 9. Ne2 Be7 10. O-O h6
11. c4 c5 12. Qc3 O-O 13. Rf4 Nh5 14. Rh4 Bxh4 15. g3 Bf6 16. Qa5 b6 17. Qe1 Nxd3 18. Qd2 Nxc1 19. Nxc1 Bg5 20. Qe2 Bxc1
21. b3 Bb2 22. Qxb2 Bxf5 23. exf5 Qxf5 24. Nd2 Rfe8 25. Rf1 Qd7 26. Nf3 Re7 27. Nh4 g6 28. Qf2 Kh7 29. Nf3 Rae8 30. h4 Qb7
31. a3 Re2 32. Re1 Rxf2 33. Rxe8 Rxf3 34. Kg2 Re3+ 35. Kh3 Rxg3+ 36. Kh2 Qg2#
0-1

[Event "Players CUP 2008 <1600 DIVISION 2"]
[Site "SchemingMind.com"]
[Date "2008.07.09"]
[Round "-"]
[White "cdhardy22"]
[Black "iain"]
[Result "0-1"]
[WhiteCountry "USA"]
[BlackCountry "USA"]
[WhiteElo "1393"]
[WhiteRD "95"]
[BlackElo "1450"]
[BlackRD "70"]
[GameID "162726"]

1. e4 e5 2. d4 exd4 3. f4 d6 4. f5 Nf6 5. Bd3 Nc6 6. Bb5 Bd7 7. Nf3 Be7 8. Be2 O-O 9. a4 Nxe4 10. c3 dxc3
11. O-O d5 12. bxc3 Bc5+ 13. Kh1 Nf2+ 14. Rxf2 Bxf2 15. Bd3 Re8 16. f6 Qxf6 17. Bg5 Qd6 18. Qf1 Bc5 19. g3 d4 20. Qh3 Bxh3
21. Bf4 Qd5 22. Nd2 a6 23. Be4 Rxe4 24. Nxe4 Qxe4 25. Re1 Qxf3+ 26. Kg1 Qg2#
0-1

[Event "Players CUP 2008 <1600 DIVISION 2"]
[Site "SchemingMind.com"]
[Date "2008.07.09"]
[Round "-"]
[White "cdhardy22"]
[Black "scottie"]
[Result "0-1"]
[WhiteCountry "USA"]
[BlackCountry "ENG"]
[WhiteElo "1313"]
[WhiteRD "87"]
[BlackElo "1462"]
[BlackRD "76"]
[GameID "162727"]

1. e4 e5 2. d4 Nf6 3. dxe5 Nxe4 4. Be3 Nc6 5. c3 Bc5 6. Bxc5 Nxc5 7. Bc4 Nxe5 8. Bd5 Ned3+ 9. Ke2 Qe7+ 10. Kd2 Qg5+
11. Ke2 Qxd5 12. Nd2 Nf4+ 13. Ke1 Qxg2 14. Qf3 Qxf3 15. Ngxf3 Nfd3+ 16. Kd1 Nxb2+ 17. Ke2 Nbd3 18. a4 Nf4+ 19. Kf1 O-O 20. Nh4 d6
21. Rg1 Bh3+ 22. Ke1 Ncd3+ 23. Kd1 Rae8 24. Rb1 Ne2 25. Rg3 Nxg3 26. Rxb7 Nxf2+ 27. Kc2 Bf5+ 28. Kb3 Rb8 29. Rb4 Be6+ 30. Nc4 Nge4
31. Nf3 Nd3 32. Nh4 Nxb4 33. Kb2 Na6+ 34. Kc1 Bxc4 35. a5 Rfe8 36. Nf5 Nxc3 37. h4 Na2+ 38. Kc2 N6b4+ 39. Kd1 Re2 40. Ng3 Rh2
41. Nf5 Nd5 42. h5 Rb1#
0-1

[Event "Players CUP 2008 <1600 DIVISION 2"]
[Site "SchemingMind.com"]
[Date "2008.07.10"]
[Round "-"]
[White "cdhardy22"]
[Black "ingbeti"]
[Result "0-1"]
[WhiteCountry "USA"]
[BlackCountry "MEX"]
[WhiteElo "1313"]
[WhiteRD "87"]
[BlackElo "1594"]
[BlackRD "78"]
[GameID "162729"]

1. d4 f5 2. c4 e6 3. c5 d6 4. b4 a5 5. h4 axb4 6. Qb3 Nc6 7. e3 Nf6 8. Bb5 Bd7 9. a3 bxa3 10. Nxa3 Na5
11. Qd3 c6 12. Ba4 dxc5 13. g3 b5 14. Bd1 cxd4 15. Qxd4 Be7 16. Nf3 c5 17. Qe5 b4 18. Nc2 Nc4 19. Rxa8 Qxa8 20. Qc7 O-O
21. h5 Bd8 22. Qxc5 Qc6 23. Qxb4 Ba5 24. Ba3 Bxb4+ 25. Bxb4 Ra8 26. O-O Nd5 27. Nfd4 Qb6 28. h6 Nxb4 29. Ne1 Nd2 30. Bf3 Ra1
31. hxg7 Nxf1 32. Kxf1 Nd3 33. Nc2 Qb1 34. Kg2 Nxe1+ 35. Nxe1 Qxe1 36. Bh5 Qh1#
0-1

[Event "Players CUP 2008 <1600 DIVISION 2"]
[Site "SchemingMind.com"]
[Date "2008.07.09"]
[Round "-"]
[White "cdhardy22"]
[Black "palomo"]
[Result "0-1"]
[WhiteCountry "USA"]
[BlackCountry "ARG"]
[WhiteElo "1313"]
[WhiteRD "87"]
[BlackElo "1509"]
[BlackRD "105"]
[GameID "162730"]

1. d4 d5 2. e3 Nf6 3. Qf3 e6 4. e4 Be7 5. e5 Ne4 6. c3 Nd7 7. g3 c5 8. Bb5 Qb6 9. Na3 cxd4 10. cxd4 Bb4+
11. Bd2 Bxd2+ 12. Kd1 Qxd4 13. h4 Nxf2+ 14. Ke2 Nxh1 15. Rd1 Qxe5+ 16. Kf1 Nxg3+ 17. Kg2 Ne4 18. Rf1 O-O 19. h5 a6 20. Bxd7 Bxd7
21. Nh3 Rac8 22. Nb1 Bh6 23. b4 Rc2+ 24. Nf2 Rfc8 25. Kg1 Nxf2 26. Rxf2 Rxf2 27. Qxf2 Be3 28. a4 Bxf2+ 29. Kxf2 Rc2+ 30. Kf3 Qe4+
31. Kg3 Rg2+ 32. Kh3 Qg4#
0-1

[Event "Players CUP 2008 <1600 DIVISION 2"]
[Site "SchemingMind.com"]
[Date "2008.07.09"]
[Round "-"]
[White "cdhardy22"]
[Black "Artur"]
[Result "0-1"]
[WhiteCountry "USA"]
[BlackCountry "POL"]
[WhiteElo "1393"]
[WhiteRD "95"]
[BlackElo "1734"]
[BlackRD "123"]
[GameID "162731"]

1. e4 e5 2. d4 exd4 3. Qxd4 Nc6 4. Qe3 Nf6 5. f3 Bb4+ 6. c3 Ba5 7. b4 Bb6 8. Qd2 d6 9. e5 Nxe5 10. Bb5+ Nfd7
11. f4 Ng6 12. Nh3 Qh4+ 13. g3 Qxh3 14. Bc4 O-O 15. Bf1 Re8+ 16. Kd1 Qe6 17. Bd3 Qf6 18. a4 a5 19. c4 Qxa1 20. b5 Nc5
21. Bb2 Bg4+ 22. Be2 Qxa4+ 23. Ke1 Rxe2+ 24. Qxe2 Bxe2 25. Kxe2 Qc2+ 26. Ke3 Qd3+ 27. Kf2 Ne4+ 28. Kg2 Qe2+ 29. Kh3 Nf2+ 30. Kg2 Nxh1+
31. Kxh1 Qf1#
0-1

[Event "Players CUP 2008 <1600 DIVISION 2"]
[Site "SchemingMind.com"]
[Date "2008.07.09"]
[Round "-"]
[White "jtrochez1"]
[Black "cdhardy22"]
[Result "1-0"]
[WhiteCountry "HON"]
[BlackCountry "USA"]
[WhiteElo "1488"]
[WhiteRD "57"]
[BlackElo "1464"]
[BlackRD "112"]
[GameID "162732"]

1. e4 e5 2. Nf3 f6 3. d4 d6 4. d5 g5 5. Be3 h5 6. Nc3 g4 7. Nd2 f5 8. g3 Qf6 9. Ne2 fxe4 10. Nxe4 Qf5
11. N2c3 Bh6 12. Qe2 c6 13. Nxd6+ Kd7 14. Nxf5 Bxe3 15. Nxe3 c5 16. Qb5+ Kd8 17. O-O-O Bd7 18. Qxc5 Nf6 19. d6 Na6 20. Bxa6 bxa6
21. Qc7+ Ke8 22. Nf5 Rg8 23. Nd5 Nxd5 24. Rxd5 Bxf5 25. Qe7#
1-0

[Event "Players CUP 2008 <1600 DIVISION 2"]
[Site "SchemingMind.com"]
[Date "2008.07.09"]
[Round "-"]
[White "iain"]
[Black "cdhardy22"]
[Result "0-1"]
[WhiteCountry "USA"]
[BlackCountry "USA"]
[WhiteElo "1466"]
[WhiteRD "70"]
[BlackElo "1464"]
[BlackRD "112"]
[GameID "162733"]

1. d4 e6 2. c4 b6 3. Nc3 d5 4. cxd5 Bb4 5. Nf3 exd5 6. e3 Nc6 7. Bb5 Ne7 8. O-O a6 9. Bxc6+ Nxc6 10. a3 Bd6
11. Nxd5 Bh3 12. Nf4 g5 13. Nxh3 g4 14. Nhg5 gxf3 15. Nxf3 Rg8 16. b4 Qf6 17. Re1 Qg6 18. e4 Qxg2#
0-1

[Event "Players CUP 2008 <1600 DIVISION 2"]
[Site "SchemingMind.com"]
[Date "2008.07.09"]
[Round "-"]
[White "scottie"]
[Black "cdhardy22"]
[Result "1-0"]
[WhiteCountry "ENG"]
[BlackCountry "USA"]
[WhiteElo "1462"]
[WhiteRD "76"]
[BlackElo "1313"]
[BlackRD "87"]
[GameID "162734"]

1. e4 e5 2. Nf3 f6 3. d4 Bb4+ 4. Bd2 Nc6 5. d5 Bxd2+ 6. Qxd2 g5 7. Qd3 Nb4 8. Qc3 a5 9. Bc4 d6 10. a3 Nd3+
11. Qxd3 b6 12. O-O Nh6 13. Nbd2 O-O 14. h3 Qd7 15. Bb5 Qg7 16. Qe2 Bd7 17. Nb3 a4 18. Bxd7 Qxd7 19. Nbd2 Ra5 20. b4 Rb5
21. c4 g4 22. hxg4 Qxg4 23. cxb5 f5 24. Qc4 f4 25. Qxc7 Nf7 26. Qxb6 Nd8 27. Qxd6 Nf7 28. Qc5 Qg7 29. b6 Nh6 30. Qc7 Qg4
31. Nxe5 Qg5 32. b7 Ng4 33. Nxg4 Qxg4 34. b8=Q Rxb8 35. Qxb8+ Kf7 36. Rac1 h5 37. Rc7+ Kg6 38. Qg8+ Kf6 39. Rf7+ Ke5 40. Qh8+ Kd6
41. Nc4#
1-0

[Event "Players CUP 2008 <1600 DIVISION 2"]
[Site "SchemingMind.com"]
[Date "2008.07.10"]
[Round "-"]
[White "ingbeti"]
[Black "cdhardy22"]
[Result "1-0"]
[WhiteCountry "MEX"]
[BlackCountry "USA"]
[WhiteElo "1578"]
[WhiteRD "77"]
[BlackElo "1393"]
[BlackRD "95"]
[GameID "162736"]

1. e4 e5 2. Nf3 f6 3. Nxe5 fxe5 4. Qh5+ g6 5. Qxe5+ Ne7 6. Qxh8 b5 7. Bxb5 c6 8. Be2 Qb6 9. O-O Ba6 10. Bxa6 Nxa6
11. Nc3 O-O-O 12. d4 h6 13. Qe5 Ng8 14. Be3 Qxb2 15. Qa5 Qb7 16. Rfb1 Nb4 17. a3 Nxc2 18. Ra2 Nb4 19. axb4 d5 20. Qxa7 Bxb4
21. Qxb7+ Kxb7 22. Rxb4+ Kc7 23. Ra7+ Kd6 24. Bf4+ Ke6 25. Rb6 Rd6 26. Bxd6 Kxd6 27. Nxd5 Ke6 28. Rxc6#
1-0

[Event "Players CUP 2008 <1600 DIVISION 2"]
[Site "SchemingMind.com"]
[Date "2008.07.09"]
[Round "-"]
[White "palomo"]
[Black "cdhardy22"]
[Result "1-0"]
[WhiteCountry "ARG"]
[BlackCountry "USA"]
[WhiteElo "1509"]
[WhiteRD "105"]
[BlackElo "1313"]
[BlackRD "87"]
[GameID "162737"]

1. e4 e5 2. Nf3 f6 3. d4 Bb4+ 4. c3 Bd6 5. Bc4 Nh6 6. O-O exd4 7. cxd4 Rf8 8. Re1 f5 9. exf5+ Be7 10. f6 Rxf6
11. Bg5 Re6 12. Bxe6 dxe6 13. Bxe7 Qxe7 14. Ne5 Qf6 15. Na3 b6 16. Rc1 Na6 17. Qa4+ Ke7 18. Qc6 Ng4 19. Nxg4 Qxd4 20. Qxa8 Bd7
21. Qf3 h5 22. Rc4 Qd2 23. Qe2 Qd5 24. Rd1 Qf5 25. Ne5 Be8 26. Ra4 Bxa4 27. Re1 c5 28. Qxa6 Bd7 29. Qxa7 h4 30. Qxd7+ Kf6
31. Qf7+ Kg5 32. Qxg7+ Kf4 33. g3+ hxg3 34. Qxg3#
1-0

[Event "Players CUP 2008 <1600 DIVISION 2"]
[Site "SchemingMind.com"]
[Date "2008.07.09"]
[Round "-"]
[White "Artur"]
[Black "cdhardy22"]
[Result "1-0"]
[WhiteCountry "POL"]
[BlackCountry "USA"]
[WhiteElo "1734"]
[WhiteRD "123"]
[BlackElo "1393"]
[BlackRD "95"]
[GameID "162738"]

1. e4 e5 2. Nf3 f6 3. Nxe5 fxe5 4. Qh5+ g6 5. Qxe5+ Ne7 6. Qxh8 d5 7. exd5 Nxd5 8. Qe5+ Ne7 9. d4 Nc6 10. Bb5 a6
11. Bxc6+ bxc6 12. Qh8 c5 13. dxc5 Bg4 14. O-O Qd5 15. Bh6 Qf5 16. Re1 O-O-O 17. Bxf8 Rxf8 18. Qd4 Nc6 19. Qe3 h5 20. f3 Bxf3
21. gxf3 g5 22. Qe6+ Kb8 23. Qxc6 g4 24. Re8+ Rxe8 25. Qxe8+ Kb7 26. Qe4+ Qxe4 27. fxe4 Kc6 28. b4 Kb5 29. e5 Kxb4 30. e6 Kxc5
31. e7 h4 32. e8=Q h3 33. Na3 g3 34. Qe3+ Kb4 35. Rb1+ Ka4 36. Qb3+ Ka5 37. Qb4#
1-0

[Event "Players CUP 2008 <1600 DIVISION 2"]
[Site "SchemingMind.com"]
[Date "2008.07.14"]
[Round "-"]
[White "alvaro"]
[Black "jtrochez1"]
[Result "1-0"]
[WhiteCountry "URU"]
[BlackCountry "HON"]
[WhiteElo "1818"]
[WhiteRD "117"]
[BlackElo "1525"]
[BlackRD "60"]
[GameID "163189"]

1. e4 e5 2. Nf3 d6 3. d4 Bg4 4. d5 Nf6 5. Nc3 a6 6. Be2 Bxf3 7. Bxf3 h6 8. Ne2 Be7 9. c4 Nbd7 10. Nc3 c5
11. O-O Ng8 12. a4 Ngf6 13. a5 Nf8 14. Bd2 Ng6 15. g3 Qd7 16. Na4 Bd8 17. b4 cxb4 18. Bxb4 O-O 19. c5 Qh3 20. Bg2 Qg4
21. Qxg4 Nxg4 22. cxd6 Kh7 23. Nb6 Bxb6 24. axb6 Rfd8 25. Rfc1 Kg8 26. Rc7 Rab8 27. Rac1 Nf8 28. Bh3 Nf6 29. f4 exf4 30. e5 Nxd5
31. Ba5 Ne6 32. Bxe6 fxe6 33. d7 Ne7 34. gxf4 Kh7 35. Kg2 Ng6 36. Kg3 Nf8 37. Rd1 Nxd7 38. Rdxd7 Rxd7 39. Rxd7 Kg6 40. Re7 Rd8
41. Rxe6+ Kh7 42. Rd6 Re8 43. Kg4 Kg8 44. Kf5 Kh7 45. e6 Rf8+ 46. Ke5 Rc8 47. e7 Re8 48. Ke6
1-0

[Event "Players CUP 2008 <1600 DIVISION 2"]
[Site "SchemingMind.com"]
[Date "2008.07.13"]
[Round "-"]
[White "alvaro"]
[Black "iain"]
[Result "1-0"]
[WhiteCountry "URU"]
[BlackCountry "USA"]
[WhiteElo "1818"]
[WhiteRD "117"]
[BlackElo "1450"]
[BlackRD "70"]
[GameID "163190"]

1. e4 e5 2. Nf3 Nc6 3. Bc4 Nf6 4. Nc3 Bc5 5. O-O O-O 6. a3 d6 7. b4 Bb6 8. Nd5 Nd4 9. Nxb6 cxb6 10. Nxd4 exd4
11. d3 d5 12. exd5 Nxd5 13. Bb2 a6 14. Re1 b5 15. Bb3 Nc3 16. Qd2 Re8 17. Rxe8+ Qxe8 18. Bxc3 dxc3 19. Qxc3 Bf5 20. Re1 Qd8
21. Qe5 Bg6 22. Bd5 Rb8 23. Bxb7 f6 24. Qe6+ Bf7 25. Qxa6 Qc7 26. Bc6 Rb6 27. Qa8+ Rb8 28. Re7 Qb6 29. Qa7 Qxa7 30. Rxa7 h6
31. Be4 Rc8 32. f4 g5 33. fxg5 fxg5 34. Ra6 Rxc2 35. Rxh6 Ra2 36. Ra6 Rb2 37. h3 Rb1+ 38. Kf2 Rb2+ 39. Kg3 Rb3 40. Kg4 Kg7
41. Kxg5
1-0

[Event "Players CUP 2008 <1600 DIVISION 2"]
[Site "SchemingMind.com"]
[Date "2008.07.13"]
[Round "-"]
[White "alvaro"]
[Black "scottie"]
[Result "1-0"]
[WhiteCountry "URU"]
[BlackCountry "ENG"]
[WhiteElo "1818"]
[WhiteRD "117"]
[BlackElo "1469"]
[BlackRD "75"]
[GameID "163191"]

1. e4 e5 2. Nf3 d6 3. Bc4 Nc6 4. h3 Nf6 5. Qe2 a6 6. a3 Be7 7. Nc3 Bd7 8. d3 b5 9. Ba2 Nh5 10. Nxe5 Nxe5
11. Qxh5 g6 12. Qe2 Qb8 13. Nd5 c6 14. Nxe7 Kxe7 15. f4 Nxd3+ 16. cxd3 c5 17. g4 h5 18. gxh5 Rxh5 19. f5 Qh8 20. h4 Rxh4
21. Bg5+ f6 22. Rxh4 Qg7 23. Qh2 fxg5 24. Rh7 Qxh7 25. Qxh7+ Kd8 26. Be6 Bxe6 27. fxe6
1-0

[Event "Players CUP 2008 <1600 DIVISION 2"]
[Site "SchemingMind.com"]
[Date "2008.07.13"]
[Round "-"]
[White "alvaro"]
[Black "cdhardy22"]
[Result "1-0"]
[WhiteCountry "URU"]
[BlackCountry "USA"]
[WhiteElo "1818"]
[WhiteRD "117"]
[BlackElo "1393"]
[BlackRD "95"]
[GameID "163192"]

1. e4 e5 2. Nf3 f6 3. Nxe5 fxe5 4. Qh5+ g6 5. Qxe5+ Qe7 6. Qxh8 Nf6 7. d3 d6 8. Bh6 Nbd7 9. Nc3 Ne5 10. Qxf8+ Qxf8
11. Bxf8 Kxf8 12. O-O-O Bg4 13. Rd2 Re8 14. h3 Bh5 15. g4 Nf3 16. Re2 c5 17. gxh5 Nxh5 18. h4 Nf4 19. Re3 a6 20. Rxf3 b5
21. Nd5 Kg8 22. Rxf4 b4 23. Rg1 a5 24. h5 Ra8 25. hxg6 Ra7 26. gxh7+ Kxh7 27. Rh4#
1-0

[Event "Players CUP 2008 <1600 DIVISION 2"]
[Site "SchemingMind.com"]
[Date "2008.07.14"]
[Round "-"]
[White "alvaro"]
[Black "ingbeti"]
[Result "1-0"]
[WhiteCountry "URU"]
[BlackCountry "MEX"]
[WhiteElo "1818"]
[WhiteRD "117"]
[BlackElo "1578"]
[BlackRD "77"]
[GameID "163194"]

1. e4 c5 2. Nf3 e6 3. d4 cxd4 4. Nxd4 Nf6 5. Bd3 Nc6 6. Be3 d5 7. Nc3 Bd7 8. f4 Nxd4 9. Bxd4 dxe4 10. Nxe4 Nxe4
11. Bxe4 Qc7 12. O-O Bc5 13. Kh1 Bxd4 14. Qxd4 O-O 15. Qb4 Rab8 16. b3 b6 17. a4 a5 18. Qe1 b5 19. axb5 Rxb5 20. Rf3 Rb4
21. Rh3 Qxf4 22. Bxh7+ Kh8 23. Bd3+ Kg8 24. Rxa5 Bc6 25. Rah5 g6 26. Rh8+ Kg7 27. R3h7+ Kf6 28. Rxf8 Rb7 29. Qh4+ Qxh4 30. Rxh4 e5
31. h3 Ke7 32. Ra8 Rd7 33. Ra5 Ke6 34. Rc4 Bd5 35. Rcc5 f5 36. Rxd5 Rxd5 37. Bc4
1-0

[Event "Players CUP 2008 <1600 DIVISION 2"]
[Site "SchemingMind.com"]
[Date "2008.07.13"]
[Round "-"]
[White "alvaro"]
[Black "palomo"]
[Result "0-1"]
[WhiteCountry "URU"]
[BlackCountry "ARG"]
[WhiteElo "1729"]
[WhiteRD "98"]
[BlackElo "1557"]
[BlackRD "92"]
[GameID "163195"]

1. e4 c5 2. Nf3 d6 3. d4 cxd4 4. Nxd4 Nf6 5. Nc3 a6 6. Bd3 e6 7. O-O Be7 8. Be3 O-O 9. a3 Nbd7 10. f4 Qc7
11. Qf3 Nb6 12. f5 e5 13. Nb3 Nc4 14. Bc1 b5 15. g4 h6 16. Qe2 Bb7 17. g5 hxg5 18. Rf3 Nh7 19. Rh3 g6 20. Nd2 Nxd2
21. Bxd2 Qd7 22. Qf3 Bc8 23. Nd5 Bd8 24. Rh6 Kg7 25. Rh3 Rh8 26. Rf1 Ra7 27. Rg3 a5 28. f6+ Kf8 29. Bxg5 Nxg5 30. Rxg5 Qh3
31. Qxh3 Bxh3 32. Bxb5 Bxf1 33. Bxf1 a4 34. Rg2 Rh5 35. Bb5 Rh4 36. Re2 Rg4+= 37. Kf2 Rh4 38. Kg3 Rh6 39. Kg4 Ra5 40. c4 Rh8
41. h4 Rg8 42. Kg5 Rh8 43. Rf2 Rh5+ 44. Kg4 Kg8 45. Nc3 Bb6 46. Rd2 Bd4 47. Nxa4 Kh7 48. b4 Ra7 49. Rd3 Kh6 50. Rf3 g5
51. Rf5 Rxh4+ 52. Kg3 Rxe4 53. c5 dxc5 54. Nxc5 Rxa3+ 55. Rf3 Rxf3+ 56. Kxf3 Rf4+ 57. Ke2 Bxc5 58. bxc5 Rb4 59. Bd7 Rc4 60. c6 Kg6
61. Kd3 Rc5 62. Ke4 Kxf6 63. Kd3 Ke7 64. Ke4 Kd6 65. Be8 Rc4+ 66. Kf5 g4 67. Bxf7 Rf4+
0-1

[Event "Players CUP 2008 <1600 DIVISION 2"]
[Site "SchemingMind.com"]
[Date "2008.07.13"]
[Round "-"]
[White "alvaro"]
[Black "Artur"]
[Result "0-1"]
[WhiteCountry "URU"]
[BlackCountry "POL"]
[WhiteElo "1729"]
[WhiteRD "98"]
[BlackElo "1905"]
[BlackRD "92"]
[GameID "163196"]

1. e4 e5 2. Nf3 Nf6 3. Nxe5 d6 4. Nxf7 Kxf7 5. Nc3 Qe8 6. d3 Nc6 7. Be3 Be6 8. d4 Ne7 9. Be2 d5 10. e5 Ne4
11. Nxe4 dxe4 12. c3 Nd5 13. O-O Nb6 14. f4 Kg8 15. f5 Bc4 16. Rf4 Qc6 17. Bh5 g6 18. Qg4 Bg7 19. f6 Bh6 20. Rxe4 Bxe3+
21. Rxe3 Kf7 22. Rae1 Be6 23. Bxg6+ hxg6 24. Qg3 Nd5 25. Rf3 b5 26. a3 a5 27. Ra1 Qc4 28. h3 Qb3 29. Rf2 Nb6 30. Kh2 Nc4
31. Re2 c6 32. Qf3 Rac8 33. Rf1 Rh5 34. g4 Rh4 35. Kg3 g5 36. Qf2 Nb6 37. Qe3 Nd5 38. Qxg5 Rh7 39. Qd2 Rch8 40. Rh2 Qc4
41. Re1 c5 42. dxc5 Qxc5 43. h4 Qc4 44. Qd4 Qxd4 45. cxd4 Rc8 46. h5 Rc4 47. g5 Kg8 48. g6 Rh6 49. Rd1 Ne3 50. Re1 Nf5+
51. Kf4 Nxd4 52. Kg5 Nf3+ 53. Kxh6 Nxh2 54. Rd1 Rc8 55. Kg5 Nf3+ 56. Kf4 Nh4 57. Kg5 Nf5 58. f7+ Kg7 59. Rd2 Nh6 60. Rd4 Nxf7+
61. gxf7 Kxf7 62. Rf4+ Ke7 63. Rh4 Bf7 64. h6 Ke6 65. h7 Rh8 66. b4 a4 67. Rh6+ Kxe5 68. Rb6 Rxh7 69. Rxb5+ Kd4 70. Kf6 Bc4
71. Ra5 Bb3 72. Rb5 Kc3 73. Rg5 Kb2 74. b5 Rb7
0-1

[Event "Players CUP 2008 <1600 DIVISION 2"]
[Site "SchemingMind.com"]
[Date "2008.07.13"]
[Round "-"]
[White "jtrochez1"]
[Black "alvaro"]
[Result "0-1"]
[WhiteCountry "HON"]
[BlackCountry "URU"]
[WhiteElo "1538"]
[WhiteRD "61"]
[BlackElo "1786"]
[BlackRD "98"]
[GameID "163197"]

1. e4 e5 2. Nf3 Nc6 3. Bc4 h6 4. a3 d6 5. h3 Nge7 6. d4 exd4 7. Nxd4 Ne5 8. Be2 c5 9. Nf3 N7c6 10. Nxe5 Nxe5
11. Nc3 Be6 12. Nd5 Qd7 13. a4 a6 14. Nb6 Qd8 15. Nxa8 Qxa8 16. b3 Be7 17. Be3 O-O 18. Qc1 Kh7 19. Bg4 Ng6 20. Bf3 Bf6
21. Rb1 Nh4 22. Qd1 Qb8 23. O-O Be5 24. c4 Qc8 25. Bg4 f5 26. Bf3 g5 27. exf5 Nxf3+ 28. Qxf3 Bxf5 29. Qd1 Bxh3 30. gxh3 Qxh3
31. f4 Qxe3+ 32. Kg2 gxf4 33. Qf3 Rg8+ 34. Kh2 Qxf3 35. Rxf3 Rg4 36. b4 b6 37. bxc5 bxc5 38. Rg1 h5 39. Kh1 Kg6 40. Rg2 Kf5
41. Re2 h4 42. Kh2 Rg3 43. Rxe5+ dxe5 44. Rxg3 hxg3+ 45. Kg2 Kg4 46. a5 f3+ 47. Kg1 e4 48. Kh1 e3
0-1

[Event "Players CUP 2008 <1600 DIVISION 2"]
[Site "SchemingMind.com"]
[Date "2008.07.13"]
[Round "-"]
[White "iain"]
[Black "alvaro"]
[Result "0-1"]
[WhiteCountry "USA"]
[BlackCountry "URU"]
[WhiteElo "1450"]
[WhiteRD "70"]
[BlackElo "1818"]
[BlackRD "117"]
[GameID "163198"]

1. d4 d5 2. c4 e6 3. Nc3 dxc4 4. e4 Bb4 5. Bxc4 Nc6 6. Nf3 Nf6 7. e5 Ne4 8. Bd2 Nxd2 9. Qxd2 a6 10. O-O b5
11. Bb3 Bb7 12. a3 Ba5 13. Bc2 Rb8 14. b4 Bb6 15. d5 Ne7 16. dxe6 Qxd2 17. Nxd2 fxe6 18. Nde4 O-O 19. a4 Bd4 20. axb5 axb5
21. Bb3 Bxe4 22. Bxe6+ Kh8 23. Rac1 Bxc3 24. Rxc3 c6 25. f3 Bf5 26. Bb3 Nd5 27. Rxc6 Nxb4 28. Rcc1 Nd3 29. Rc7 Rbe8 30. g4 Be6
31. Bc2 Nxe5 32. Kg2 Bd5 33. Be4 Nxg4 34. Kg1 Bxe4 35. fxe4 Rxf1+ 36. Kxf1 Nxh2+ 37. Kg2 Ng4 38. Kf3 Nf6 39. Rc5 Nxe4 40. Rxb5 Nf6
41. Kf4 h5
0-1

[Event "Players CUP 2008 <1600 DIVISION 2"]
[Site "SchemingMind.com"]
[Date "2008.07.13"]
[Round "-"]
[White "scottie"]
[Black "alvaro"]
[Result "0-1"]
[WhiteCountry "ENG"]
[BlackCountry "URU"]
[WhiteElo "1453"]
[WhiteRD "73"]
[BlackElo "1837"]
[BlackRD "179"]
[GameID "163199"]

1. e4 e5 2. Nf3 Nc6 3. Bc4 Nf6 4. Ng5 d5 5. exd5 Nxd5 6. Nc3 Qxg5 7. Bxd5 Bd6 8. d3 Qe7 9. Bxc6+ bxc6 10. O-O Bb7
11. Be3 O-O 12. Ne2 c5 13. Ng3 g6 14. c4 f5 15. Rc1 f4 16. Bxf4 exf4 17. Ne2 f3 18. gxf3 Bxf3 19. Qc2 Bxh2+ 20. Kxh2 Qh4+
21. Kg1 Qh1#
0-1

[Event "Players CUP 2008 <1600 DIVISION 2"]
[Site "SchemingMind.com"]
[Date "2008.07.14"]
[Round "-"]
[White "cdhardy22"]
[Black "alvaro"]
[Result "0-1"]
[WhiteCountry "USA"]
[BlackCountry "URU"]
[WhiteElo "1393"]
[WhiteRD "95"]
[BlackElo "1818"]
[BlackRD "117"]
[GameID "163200"]

1. d4 d5 2. Nf3 Bg4 3. Ng5 h6 4. f3 hxg5 5. fxg4 Nf6 6. h3 Qd6 7. Bxg5 Qg3+ 8. Kd2 Ne4+ 9. Kc1 Nxg5 10. c3 Nd7
11. e3 g6 12. Bd3 Nf6 13. h4 Nge4 14. Rh3 Qxg2 15. Bf1 Qg1 16. Rf3 Qxg4 17. Bh3 Qxh4 18. Qa4+ c6 19. Qb3 Bh6 20. Qxb7 O-O
21. Qxe7 Rab8 22. b4 Qe1+ 23. Kb2 Qe2+ 24. Nd2 Qxd2+ 25. Ka3 Qxc3+ 26. Ka4 Qb2 27. a3 a5 28. bxa5 Qb3#
0-1

[Event "Players CUP 2008 <1600 DIVISION 2"]
[Site "SchemingMind.com"]
[Date "2008.07.14"]
[Round "-"]
[White "ingbeti"]
[Black "alvaro"]
[Result "1-0"]
[WhiteCountry "MEX"]
[BlackCountry "URU"]
[WhiteElo "1578"]
[WhiteRD "77"]
[BlackElo "1818"]
[BlackRD "117"]
[GameID "163202"]

1. e4 e5 2. Nf3 Nc6 3. Bb5 a6 4. Ba4 Nf6 5. O-O Nxe4 6. Qe2 Nc5 7. Bxc6 bxc6 8. Qxe5+ Ne6 9. d4 h6 10. Nc3 d6
11. Qe3 Be7 12. d5 cxd5 13. Nxd5 O-O 14. Nxe7+ Qxe7 15. Re1 Qf6 16. c3 Bb7 17. Bd2 g5 18. Nd4 Nxd4 19. cxd4 Bd5 20. Ba5 c6
21. Rac1 Rac8 22. b3 Be6 23. d5 Bxd5 24. Bc3 Qf4 25. Qxf4 gxf4 26. f3 Be6 27. Bf6 d5 28. Rc5 Kh7 29. Rec1 Bd7 30. Rd1 Rfe8
31. Kf2 Re6 32. Bc3 Rce8 33. Rd2 Kg6 34. a4 h5 35. b4 h4 36. g3 fxg3+ 37. hxg3 h3 38. g4 Re3 39. Bd4 Re2+ 40. Rxe2 h2
41. Rc1
1-0